00479 2200181 4500001002100000005001700021006001900038008004100057020001800098035002500116041000700141082001000148090001600158100002500174245003200199260003500231300003100266INLIS00000000000628220140312132236.0a ||| | 180719| ||| | id  a979-489-510-5 a0010-031300000006282 aid0 a631.8 a631.8 IND m0 aYovita Hety Indriani00aMembuat Kompos Secara Kilat aJakartabPenebar Swadayac2010 avi ; 60 hlm ; ilus ; 24 cm